Aplikácia techniky M. Grahamovej vo výchove interpreta amatérskeho súboru

Bibliographic Details
Main Authors: Potfajová, Oľga (Author), Hartmann, Jan (Author)
Other Authors: Kováčiková, Dagmar, 1948- (Illustrator)
Format: Book
Language:Slovak
PhysicalDescription:217 s., 91 s. obr. príl. 28,5 cm (brož.)
Published: Bratislava Osvetový ústav 1980
Edition:1. vyd.
Subjects:

MARC

LEADER 00000cam a2200000 a 4500
001 vtls001100507
003 SK-MaSNL
005 20260301183138.0
008 250313s1980 xo a f n 000 0 slo
015 |a SNBA1980 
035 |a SNK000043349 
035 |a urn:nbn:sk:snk-am3hay6 
035 |a B8241451-D12E-4446-8AB5-8FAEA06659FC 
035 |a urn:nbn:sk:snk-am008wyy 
040 |a SNK  |b slo  |c SNK  |e AACR2 
041 |a slo 
044 |a xo  |c SK 
080 |a 793.32.077(035)  |2 1981 
100 1 |a Potfajová, Oľga  |4 aut  |9 558019 
245 1 0 |a Aplikácia techniky M. Grahamovej vo výchove interpreta amatérskeho súboru  |c Oľga Potfajová, Jan Hartmann ; obrazová príloha: Dagmar Kováčiková 
250 |a 1. vyd. 
260 |a Bratislava  |b Osvetový ústav  |c 1980 
300 |a 217 s., 91 s. obr. príl.  |c 28,5 cm (brož.) 
366 |e 400 výt. 
500 |a Publ. je určená pedagógom moderného tanca 
504 |a Bibliogr. odkazy ; angl.-slov. slovník 
521 |a Nepredajné 
600 1 7 |a Graham, Martha,  |d 1894-1991  |2 SNKMA  |9 412898 
650 0 7 |a moderný tanec  |2 SNKPH  |9 558020 
650 0 7 |a technika tanca  |2 SNKPH  |9 558021 
650 0 7 |a amatérske tanečné súbory  |2 SNKPH  |9 558022 
650 0 7 |a tanečnice  |2 SNKPH  |9 114097 
655 7 |a metodické príručky  |2 SNKPH  |9 70250 
700 1 |a Hartmann, Jan  |4 aut  |9 246243 
700 1 |a Kováčiková, Dagmar,  |d 1948-  |4 ill  |9 6823 
852 |a Slovenská národná knižnica 
958 |a OND 
958 |a NB 
999 |c 855995  |d 857925 
952 |t P60, <04>, [BOOK], {604}  |a SNK  |b SNK  |y VYP  |7 0  |p 17A0031112  |o snkSB 31243/1 príl. D1  |i snkKSP 630/81  |0 0  |1 0  |4 0  |d 1997-01-14  |l 0  |r 2004-12-31 00:00:00  |w 2026-02-24 
952 |a SNK  |b SNK  |y PREZ  |7 0  |p 17A0987923  |o snkSB 31243/1 príl.  |i snkKSP 629/81  |0 0  |1 0  |4 0  |d 2012-07-30  |f 1  |l 0  |r 2025-04-07 00:00:00  |w 2026-02-24 
952 |t P60, <04>, [BOOK], {604}  |a SNK  |b SNK  |y VYP  |7 0  |p 17A0031110  |o snkSB 31243/1  |0 0  |1 0  |4 0  |d 1997-01-14  |l 0  |r 2005-01-01 00:00:00  |w 2026-02-24